| 000 | 00984nam a22002657a 4500 | ||
|---|---|---|---|
| 003 | 0 | ||
| 005 | 20250116124629.0 | ||
| 008 | 250116b xxu||||| |||| 00| 0 eng d | ||
| 050 |
_aRT 86.7 _b.M55 2024 |
||
| 100 | _aMercado, Jan Denzell | ||
| 245 |
_aThe influence of early maternal relationship of middle-aged male filipino nurses _c Jan Denzell Mercado [and five others] |
||
| 260 |
_aLas Pinas City _bSouthville International School and Colleges _c2024 |
||
| 300 |
_aviii, 241 pages : _billustrations ; _c29cm. |
||
| 504 | _aIncludes bibliographical references and appendices. | ||
| 650 | _aNurses—Psychology. | ||
| 650 | _aMiddle-aged men—Psychology. | ||
| 650 | _aFilipino nurses—Psychology. | ||
| 650 | _aMother and child—Philippines. | ||
| 700 | _aRaotraot, Hannah Christie C. | ||
| 700 | _aMinguez, Carissa Jane A. | ||
| 700 | _aSolis, Jazmin Bianca R. | ||
| 700 | _aValdellon, Angelyn E. | ||
| 700 | _aValle, Kristine Claire Z. | ||
| 942 |
_2lcc _cTH |
||
| 999 |
_c366995 _d366995 |
||